000 00583cam a2200145 4500500
005 20260208002411.0
041 _afre
042 _adc
100 1 0 _aGiafferi-Dombre, Natacha
_eauthor
245 0 0 _aJean Moomou, Le Monde des Marrons du Maroni en Guyane (1772-1860), La naissance d’un peuple : les Boni, Matoury, Ibis Rouge, 2004, 216 p., bibl., ill., fig., cartes
260 _c2007.
500 _a68
786 0 _nL'Homme | 183 | 3 | 2007-07-01 | p. 199s-257s | 0439-4216
856 4 1 _uhttps://shs.cairn.info/revue-l-homme-2007-3-page-199s?lang=fr&redirect-ssocas=7080
999 _c1646149
_d1646149